000 00600nam a2200193 i 4500
001 45574
003 ES-MaACL
005 20250828004900.0
007 t|
008 030326s1933 sp ||||1| spa d
100 1 _aCohn, Jonas.
_939522
245 1 0 _aPedagogía fundamental /
_cJonás Cohn ; traducción del alemán de F. Carmona Nenclares.
260 _aMadrid :
_bRevista de Pedagogía,
_c1933 (
_fTip. Nacional)
300 _a318 p. ;
_c24 cm.
650 0 7 _aPedagogía
_2embne
_915904
700 1 _aCarmona Nenclares, Francisco.
_935350
852 _aES-MaACL
_jA-1755
999 _c45574
_d45574